000 01387nam a2200217Ia 4500
003 Ost
005 20260416102358.0
008 260416s9999||||xx |||||||||||||| ||und||
040 _cfsecg
041 _aara
082 _a657.46
100 _aبوسليماني، صليحة
_eمؤلف
245 0 _a المحاسبة العامة 1 و 2 :
_bمطبوعة موجهة لطلبة السنة الأولى جذع مشترك ل م د LMD /
_c صليحة بوسليماني
260 _aالجزائر
_bجامعة الجزائر3: كلية العلوم الإقتصادية، العلوم التجارية وعلوم التسيير
_c2022
300 _a142 ورقة
_bايضاحات
_c30 سم
504 _aمراجع ص.141
520 _aالاطار النظري للمحاسبة المالية و آليات و قواعد مسك المحاسبة المالية ، سير حسابات الميزانية و المعالجة المحاسبية ، سير حسابات النتائج و المعالجة المحاسبية و أعمال نهاية السنة و قيود التسوية ، عرض و تقديم القوائم المالية الختامية .
653 _aالمحاسبة المالية
710 _aجامعة الجزائر3: كلية العلوم الإقتصادية، العلوم التجارية وعلوم التسيير
_eناشر علمي
942 _cHANDOUT
999 _c41284
_d41284